000 00314nam a2200145Ia 4500
100 _aAdolph/Steve/ Bramble/P
942 _cBK
654 _acases
245 _aPatterns for effective use cases
260 _bPearson Education
_c2003
082 _a5.15
_bADO
300 _a236
546 _aENGLISH
999 _c25415
_d25415